ACSM's resource manual for Guidelines for exercise testing and prescription / (Record no. 10454)

MARC details
000 -LEADER
fixed length control field 00945pam a2200289 a 4500
001 - CONTROL NUMBER
control field 3925513
003 - CONTROL NUMBER IDENTIFIER
control field OSt
005 - DATE AND TIME OF LATEST TRANSACTION
control field 20230531143725.0
008 - FIXED-LENGTH DATA ELEMENTS--GENERAL INFORMATION
fixed length control field 921013s1993 paua b 001 0 eng c
010 ## - LIBRARY OF CONGRESS CONTROL NUMBER
LC control number
020 ## - INTERNATIONAL STANDARD BOOK NUMBER
International Standard Book Number 0812115899
040 ## - CATALOGING SOURCE
Original cataloging agency DDC
Transcribing agency GU
Modifying agency TOD
Language of cataloging ENG
082 00 - DEWEY DECIMAL CLASSIFICATION NUMBER
Classification number 615.824 RES
245 00 - TITLE STATEMENT
Title ACSM's resource manual for Guidelines for exercise testing and prescription /
Statement of responsibility, etc. American College of Sports Medicine.
250 ## - EDITION STATEMENT
Edition statement 2nd ed.
260 ## - PUBLICATION, DISTRIBUTION, ETC. (IMPRINT)
Place of publication, distribution, etc. Philadelphia :
Name of publisher, distributor, etc. Lea & Febiger,
Date of publication, distribution, etc. 1993.
300 ## - PHYSICAL DESCRIPTION
Extent xx, 596 p. :
Other physical details ill. ;
Dimensions 26 cm.
504 ## - BIBLIOGRAPHY, ETC. NOTE
Bibliography, etc Includes bibliographical references and index.
650 #0 - SUBJECT ADDED ENTRY--TOPICAL TERM
Topical term or geographic name as entry element Exercise therapy.
650 #0 - SUBJECT ADDED ENTRY--TOPICAL TERM
Topical term or geographic name as entry element Exercise tests.
650 #2 - SUBJECT ADDED ENTRY--TOPICAL TERM
Topical term or geographic name as entry element Exercise Test.
650 #2 - SUBJECT ADDED ENTRY--TOPICAL TERM
Topical term or geographic name as entry element Exercise Therapy.
700 1# - ADDED ENTRY--PERSONAL NAME
Personal name Durstine, J. Larry.
730 0# - ADDED ENTRY--UNIFORM TITLE
Uniform title Guidelines for exercise testing and prescription.
730 0# - ADDED ENTRY--UNIFORM TITLE
Uniform title Resource manual for Guidelines for exercise testing and prescription.
942 ## - ADDED ENTRY ELEMENTS (KOHA)
Source of classification or shelving scheme Dewey Decimal Classification
Koha item type Book
Holdings
Withdrawn status Lost status Source of classification or shelving scheme Damaged status Not for loan Home library Current library Shelving location Date acquired Source of acquisition Inventory number Total Checkouts Full call number Barcode Date last seen Price effective from Koha item type
    Dewey Decimal Classification     Main Library West Wing Main Library West Wing General Stacks 31/05/2023 Donation 0024533   615.824 RES GU-MLW23051999 31/05/2023 31/05/2023 Book

Gulu University Library | Gulu University P.O. Box : 166 Gulu, Uganda
Tel : +256-(0) 4714-32924 or +256-(0) 4714-33988 or +256-(0) 4714-32094 / E-mail : library@gu.ac.ug